La ansiedad como variable predictora de la autoestima en adolescentes y su influencia en el proceso educativo y en la comunicación = Anxiety as a variable predictive of self-esteem in adolescents and their influence in the educational process and communication (Registro nro. 3652)

000 -CABECERA (24)
Campo de control interno 02186nmm a22002774a 4500
003 - IDENTIFICADOR DE CONTROL
Campo control BOLpUSFA
005 - FECHA Y HORA DE CATALOGACION
Campo de control 20201007012854.0
008 - ELEMENTOS DE LONGITUD FIJA - INFORMACIÓN GENERAL
Campo de control de longitud fija t es gq d z spa u
020 ## - INTERNATIONAL STANDARD BOOK NUMBER
ISBN 16815653
041 ## - Código de idioma (R)
Código de lengua del texto/banda sonora o título independiente (R) spa
044 ## - Código de país de la publicación
Codigo ISO de pais ES
100 ## - Autor Personal
Autor Personal Núñez Vásquez, Isabel
245 ## - Titulo
Titulo La ansiedad como variable predictora de la autoestima en adolescentes y su influencia en el proceso educativo y en la comunicación = Anxiety as a variable predictive of self-esteem in adolescents and their influence in the educational process and communication
Medio [recurso electrónico]
260 ## - Editorial
Ciudad Cadiz:
Nombre de la Editorial Universidad de Cádiz,
Fecha 2016.
300 ## - Descripcion
Extension pp.109-128:
Otros detalles fisicos gráf.
490 ## - Serie Colección
Volumen / Numero secuencial Revista Iberoamericana de Educación = Revista Ibero-americana de Educação,
Serie Colección vol. 71, núm. 2 (15/07/2016).
520 ## - Resumen
Resumen Este estudio pretende identificar la relación existente entre la ansiedad y la autoestima en una muestra de 207 adolescentes de 12-18 años, debido a la problemática presente en los Institutos de Educación Secundaria donde situaciones de ansiedad se producen diariamente, dificultando la comunicación entre alumnos y profesores, así como el<br/>desarrollo del currículo de un modo normalizado.<br/>Los factores estudiados son los siguientes: variables sociodemográficas como el género y el nivel socioeconómico y variables de personalidad como la autoestima, la ansiedad-estado y la ansiedad-rasgo. Los resultados demostraron que existe una relación negativa entre la autoestima y la ansiedad, siendo la ansiedad significativa para la predicción de la autoestima.<br/>Existen diferencias significativas según el género. Las mujeres presentaron menor nivel de autoestima y mayores niveles de ansiedad-estado y rasgo. El nivel socioeconómico<br/>no presentó diferencias significativas para cada una de las variables de personalidad objeto de estudio.
650 ## - Temas - Descriptores
Temas - Descriptores Trastorno de ansiedad
650 ## - Temas - Descriptores
Temas - Descriptores Ansiedad
653 ## - Palabras Claves
Palabras Claves Adolescencia
653 ## - Palabras Claves
Palabras Claves Problemas de conducta
653 ## - Palabras Claves
Palabras Claves Autoestima
700 ## - Autor Personal
Autor Personal Pérez, Rafael Crismán
856 ## - URL - Ubicacion
URI/URL <a href="http://biblioteca.usfa.edu.bo/cgi-bin/koha/opac-retrieve-file.pl?id=cd634a1ebe63d72019ebc7de0f7a159e">http://biblioteca.usfa.edu.bo/cgi-bin/koha/opac-retrieve-file.pl?id=cd634a1ebe63d72019ebc7de0f7a159e</a>
942 ## - ELEMENTOS DE KOHA
Tipo de Documento Documentos Electrónicos
Catalogador OPW
Esquema de Clasificaci

No hay ítems disponibles.


Universidad Privada San Francisco de Asis (USFA)
Sopocachi, av. 20 de octubre esq. Belisario Salinas No.397 (Plaza Abaroa)
Telf.fax (+591-2) 2443773
info@usfa.edu.bo